A XIX. századi német oktatás magyar szemmel 2. rész /

Elmentve itt :
Bibliográfiai részletek
Szerző: Katona Eszter
Dokumentumtípus: Cikk
Megjelent: Belvedere Meridionale Szeged 1999
Sorozat:Belvedere Meridionale 11 No. 3-4
Kulcsszavak:Neveléstörténet - német - 19. sz.
Tárgyszavak:
Online Access:http://acta.bibl.u-szeged.hu/4700
LEADER 00739nab a2200193 i 4500
001 acta4700
005 20250804121826.0
008 161015s1999 hu o 000 hun d
040 |a SZTE Egyetemi Kiadványok Repozitórium  |b hun 
041 |a hun 
100 1 |a Katona Eszter 
245 1 2 |a A XIX. századi német oktatás magyar szemmel   |h [elektronikus dokumentum] :  |b 2. rész /  |c  Katona Eszter 
260 |a Belvedere Meridionale  |b Szeged  |c 1999 
300 |a 81-95 
490 0 |a Belvedere Meridionale  |v 11 No. 3-4 
650 4 |a Bölcsészettudományok 
650 4 |a Történettudomány és régészet 
695 |a Neveléstörténet - német - 19. sz. 
856 4 0 |u http://acta.bibl.u-szeged.hu/4700/1/belvedere_1999_003_004_081-095.pdf  |z Dokumentum-elérés